000 00664nam a22002177a 4500
003 UA-OsUOA
001 112690
007 ta
008 20150721b un ||||| |||| 00| 0 ukr d
100 _aСьомченков О.А.
090 _a330(477)
_bС94
942 _cSA
040 _aUA-OsUOA
_bukr
_cUA-OsUOA
_dUA-OsUOA
245 _aСтрахування ризиків агропромислових виробників на ринку деривактивів
300 _aС.59-67
955 _a0
041 _aukr
080 _a330(477)
773 0 _w112687
_tЕкономіка АПК
_dК.
_d2015
_g7
650 7 _a330 Економіка взагалі
_2UDC
999 _c398584
_d398584